000 00804cab a2200229 4500
001 WB3042-90
008 090401t1994 xxu||||| |||| 00| 0 eng d
035 _a(Sirsi) u81621
041 _aeng
245 _aNewbury by-pass project
260 _c1994
350 _a0
490 _aDaily Telegraph
_v5 November 1994, 6(1)
520 _aThe Transport Secretary is under pressure to scrap the controversial A34 by-pass, part of a major Euro-route after the European Commission took the first step towards legal action over the project.
650 _aBY-PASSES
650 _aEC DIRECTIVES
650 _aPROPERTY-INFRASTRUCTURE-TRANSPORT INFRASTRUCTURE-ROAD INFRASTRUCTURE
650 _aTRANS-EUROPEAN ROAD NETWORK
690 _aTRANSPORT AND COMMUNICATIONS
942 _n0
948 _c04/03/1997
999 _c51439
_d51439